000
00270cam a22000977a 4500
008
180718b1962 xxu||||| |||| 00| 0 eng d
082
_a
Z422x5452 M267r
245
_a
Report of the full finance scheme committee
260
_a
Madras
_b
Government Press
_c
1962
300
_a
161p.
999
_c
499516
_d
499516